000 00295nam a22001337a 4500
008 170912b xxu||||| |||| 00| 0 eng d
020 _a9780030395499
041 _aeng
080 _23rd
_a53
100 _a43
101 _aFIZ
245 _aPRINCIPLES OF PHYSICS
_cSERWAY,R.A
942 _2udc
_cBK
999 _c27298
_d27298